[Event "Litomysl Open 2018"]
[Site "Litomysl, Domov mladeze VOSP "]
[Date "2018.12.31"]
[Round "8.5"]
[White "Pekar, Vaclav"]
[Black "Getmanchuk, Andrei V"]
[Result "1-0"]
[WhiteElo "2148"]
[BlackElo "2140"]
[PlyCount "77"]
[EventDate "2018.12.26"]
[EventType "swiss"]
[EventRounds "9"]
[EventCountry "CZE"]
[SourceTitle "Ajedrez en Madrid"]
[Source "lmi"]
[SourceDate "2018.12.26"]
[SourceVersion "1"]
[SourceVersionDate "2019.01.04"]
[SourceQuality "1"]

1. d4 d5 2. Bf4 Nf6 3. e3 g6 4. Nd2 Bg7 5. Ngf3 O-O 6. Be2 Nbd7 7. Ne5 Ne4 8.
Nxd7 Bxd7 9. Nxe4 dxe4 10. c3 h6 11. h4 a5 12. Qc2 Bc6 13. a4 Kh7 14. Bb5 Bxb5
15. axb5 f5 16. g4 Qd7 17. c4 b6 18. Rg1 e5 19. Bxe5 Bxe5 20. dxe5 Qe7 21.
O-O-O a4 22. h5 g5 23. gxf5 Qxe5 24. Rd5 Qf6 25. Qc3 Qxc3+ 26. bxc3 Kg7 27. Kb2
Kf6 28. Ka3 Rf7 29. Rgd1 g4 30. R1d4 Re7 31. c5 Ra5 32. c6 Re5 33. Rxe5 Kxe5
34. c4 Ra8 35. Rd7 Rc8 36. Rf7 Kd6 37. Kxa4 Kc5 38. Kb3 Rd8 39. Rd7 1-0

[Event "Litomysl Open 2018"]
[Site "Litomysl, Domov mladeze VOSP "]
[Date "2018.12.31"]
[Round "8.6"]
[White "Daniel, Damian"]
[Black "Burnett, Andrew"]
[Result "1-0"]
[WhiteElo "2152"]
[BlackElo "2140"]
[PlyCount "45"]
[EventDate "2018.12.26"]
[EventType "swiss"]
[EventRounds "9"]
[EventCountry "CZE"]
[SourceTitle "Ajedrez en Madrid"]
[Source "lmi"]
[SourceDate "2018.12.26"]
[SourceVersion "1"]
[SourceVersionDate "2019.01.04"]
[SourceQuality "1"]

1. d4 Nf6 2. c4 e6 3. Nc3 Bb4 4. Qc2 O-O 5. Nf3 d6 6. g3 b6 7. Bg5 h6 8. Bxf6
Qxf6 9. Bg2 Bb7 10. Ng5 hxg5 11. Bxb7 Nd7 12. Bxa8 Rxa8 13. a3 Bxc3+ 14. Qxc3
e5 15. d5 Nc5 16. f3 g6 17. h4 Re8 18. b4 Na4 19. Qe3 gxh4 20. Rxh4 e4 21. Rc1
Re5 22. Rxe4 Rh5 23. Qd4 1-0

[Event "Litomysl Open 2018"]
[Site "Litomysl, Domov mladeze VOSP "]
[Date "2018.12.31"]
[Round "8.7"]
[White "Houska, Bronislav"]
[Black "Kastner, Oldrich"]
[Result "1/2-1/2"]
[WhiteElo "2043"]
[BlackElo "2020"]
[PlyCount "73"]
[EventDate "2018.12.26"]
[EventType "swiss"]
[EventRounds "9"]
[EventCountry "CZE"]
[SourceTitle "Ajedrez en Madrid"]
[Source "lmi"]
[SourceDate "2018.12.26"]
[SourceVersion "1"]
[SourceVersionDate "2019.01.04"]
[SourceQuality "1"]

1. b3 d5 2. Bb2 Bf5 3. Nf3 e6 4. e3 Nf6 5. d4 Nbd7 6. c4 Bxb1 7. Rxb1 Bb4+ 8.
Nd2 Ne4 9. Bc1 Nc3 10. Qc2 Nxb1 11. Qxb1 O-O 12. Bd3 h6 13. O-O Bxd2 14. Bxd2
Qh4 15. Qc2 dxc4 16. Qxc4 c6 17. Bb4 Rfe8 18. Bd6 Nb6 19. Qc2 Nd5 20. Bg3 Qe7
21. Qe2 c5 22. dxc5 Qxc5 23. Bc4 b5 24. Bxb5 Nc3 25. Qc4 Qxb5 26. Qxc3 Rac8 27.
Qb2 Qc5 28. h3 Red8 29. Be5 f6 30. Bd4 Qa5 31. b4 Qa4 32. Bc5 Rd1 33. Rxd1
Qxd1+ 34. Kh2 a5 35. a3 axb4 36. axb4 Qd3 37. Qd4 1/2-1/2

[Event "Litomysl Open 2018"]
[Site "Litomysl, Domov mladeze VOSP "]
[Date "2018.12.31"]
[Round "8.8"]
[White "Sabol, Marian"]
[Black "Rokos, Filip"]
[Result "1-0"]
[WhiteElo "2298"]
[BlackElo "1882"]
[PlyCount "53"]
[EventDate "2018.12.26"]
[EventType "swiss"]
[EventRounds "9"]
[EventCountry "CZE"]
[SourceTitle "Ajedrez en Madrid"]
[Source "lmi"]
[SourceDate "2018.12.26"]
[SourceVersion "1"]
[SourceVersionDate "2019.01.04"]
[SourceQuality "1"]

1. d4 e6 2. g3 Nf6 3. Bg2 d5 4. Nf3 Be7 5. O-O O-O 6. c4 b6 7. b3 Bb7 8. Bb2
dxc4 9. bxc4 c5 10. e3 Qc8 11. Nc3 Rd8 12. Rc1 Nc6 13. d5 exd5 14. cxd5 Nb4 15.
e4 Ba6 16. Ne5 Bxf1 17. Qxf1 Bf8 18. a3 Na6 19. Nc6 Re8 20. e5 Nd7 21. Nb5 Ndb8
22. Nd6 Bxd6 23. exd6 Qd7 24. Ne7+ Kh8 25. Bh3 Qd8 26. Qc4 f6 27. Re1 1-0

[Event "Litomysl Open 2018"]
[Site "Litomysl, Domov mladeze VOSP "]
[Date "2018.12.31"]
[Round "8.9"]
[White "Koziol, Kamil"]
[Black "Lorenc, Oldrich"]
[Result "1-0"]
[WhiteElo "2281"]
[BlackElo "2069"]
[PlyCount "97"]
[EventDate "2018.12.26"]
[EventType "swiss"]
[EventRounds "9"]
[EventCountry "CZE"]
[SourceTitle "Ajedrez en Madrid"]
[Source "lmi"]
[SourceDate "2018.12.26"]
[SourceVersion "1"]
[SourceVersionDate "2019.01.04"]
[SourceQuality "1"]

1. e4 c5 2. Nf3 g6 3. d4 cxd4 4. Qxd4 Nf6 5. Nc3 Nc6 6. Qa4 d6 7. e5 dxe5 8.
Nxe5 Qd4 9. Nxc6 Qxa4 10. Nxa4 bxc6 11. Be3 Bg7 12. O-O-O Nd5 13. Bc5 a5 14.
Be2 Be6 15. Bf3 Rc8 16. Rhe1 Bf6 17. a3 O-O 18. g3 Rfe8 19. h4 Bg7 20. Bd4 h5
21. Nc5 Bg4 22. Bxg4 hxg4 23. Bxg7 Kxg7 24. Rd4 f5 25. Ra4 e5 26. Rxa5 e4 27.
Ra7+ Kf6 28. c4 Rc7 29. Rxc7 Nxc7 30. Rd1 Ke5 31. b4 f4 32. a4 Ne6 33. Nd7+ Kf5
34. b5 fxg3 35. fxg3 e3 36. Rf1+ Ke4 37. Nf6+ Kd3 38. Nxe8 e2 39. Re1 cxb5 40.
cxb5 Nd4 41. b6 Ke3 42. b7 Kf2 43. Rxe2+ Nxe2+ 44. Kd2 Nxg3 45. b8=Q Nf1+ 46.
Kd3 g3 47. Qf4+ Kg1 48. Nf6 g2 49. Ne4 1-0

[Event "Litomysl Open 2018"]
[Site "Litomysl, Domov mladeze VOSP "]
[Date "2018.12.31"]
[Round "8.10"]
[White "Michenka, Jozef"]
[Black "Svanda, Adam"]
[Result "1-0"]
[WhiteElo "2274"]
[BlackElo "1932"]
[PlyCount "59"]
[EventDate "2018.12.26"]
[EventType "swiss"]
[EventRounds "9"]
[EventCountry "CZE"]
[SourceTitle "Ajedrez en Madrid"]
[Source "lmi"]
[SourceDate "2018.12.26"]
[SourceVersion "1"]
[SourceVersionDate "2019.01.04"]
[SourceQuality "1"]

1. d4 Nf6 2. c4 e6 3. Nc3 Bb4 4. e3 b6 5. Bd3 Bb7 6. Nf3 c5 7. O-O O-O 8. a3
Bxc3 9. bxc3 d6 10. Qc2 Nbd7 11. e4 e5 12. d5 Re8 13. g3 Nf8 14. Nh4 Ng6 15.
Nf5 Bc8 16. f3 Rb8 17. Be3 Rb7 18. Ra2 Qc7 19. g4 Qd8 20. Qc1 Ne7 21. Kh1 Nxf5
22. gxf5 Kf8 23. Rg1 Ng8 24. Rag2 f6 25. f4 Ree7 26. fxe5 dxe5 27. Qe1 Qd6 28.
Qh4 h6 29. Bxh6 Nxh6 30. Qxh6 1-0

[Event "Litomysl Open 2018"]
[Site "Litomysl, Domov mladeze VOSP "]
[Date "2018.12.31"]
[Round "8.11"]
[White "Veselsky, Jan"]
[Black "Bystrov, Sergej"]
[Result "0-1"]
[WhiteElo "1583"]
[BlackElo "2233"]
[PlyCount "74"]
[EventDate "2018.12.26"]
[EventType "swiss"]
[EventRounds "9"]
[EventCountry "CZE"]
[SourceTitle "Ajedrez en Madrid"]
[Source "lmi"]
[SourceDate "2018.12.26"]
[SourceVersion "1"]
[SourceVersionDate "2019.01.04"]
[SourceQuality "1"]

1. c4 e5 2. Nc3 Nc6 3. Nf3 f5 4. d3 Nf6 5. g3 g6 6. Bg2 Bg7 7. O-O O-O 8. Bg5
h6 9. Bd2 d6 10. Rb1 a5 11. a3 Be6 12. b4 axb4 13. axb4 Qd7 14. c5 Kh7 15. Ne1
d5 16. Nc2 g5 17. b5 Ne7 18. e4 dxe4 19. dxe4 f4 20. Nb4 Rad8 21. Rb2 Bh3 22.
Qb3 f3 23. Bxf3 Bxf1 24. Kxf1 Ng4 25. Kg1 Nxf2 26. Kxf2 g4 27. c6 Rxf3+ 28. Kg2
bxc6 29. bxc6 Nxc6 30. Nbd5 Nd4 31. Qb4 Qf7 32. Be3 Rxe3 33. Nxe3 Qf3+ 34. Kg1
Qxe3+ 35. Kg2 Rf8 36. Qc5 Rf3 37. Nd5 Qxe4 0-1

[Event "Litomysl Open 2018"]
[Site "Litomysl, Domov mladeze VOSP "]
[Date "2018.12.31"]
[Round "8.12"]
[White "Galvanek, Ladislav"]
[Black "Brandsma, Romayn"]
[Result "0-1"]
[WhiteElo "1963"]
[BlackElo "1850"]
[PlyCount "68"]
[EventDate "2018.12.26"]
[EventType "swiss"]
[EventRounds "9"]
[EventCountry "CZE"]
[SourceTitle "Ajedrez en Madrid"]
[Source "lmi"]
[SourceDate "2018.12.26"]
[SourceVersion "1"]
[SourceVersionDate "2019.01.04"]
[SourceQuality "1"]

1. d4 Nf6 2. Bf4 e6 3. e3 d6 4. c3 Be7 5. h3 O-O 6. Nf3 Nbd7 7. Nbd2 b6 8. Bd3
Bb7 9. O-O c5 10. Qe2 e5 11. dxe5 dxe5 12. Nxe5 Nxe5 13. Bxe5 Qd5 14. Nf3 Qe6
15. Bh2 c4 16. Bxc4 Bxf3 17. gxf3 Qxh3 18. Rfd1 Rac8 19. Bd5 Nxd5 20. Rxd5 Rc6
21. Qf1 Qxf3 22. Qg2 Rg6 23. Bg3 Qe2 24. Rd7 Bh4 25. Qf1 Qxb2 26. Qc1 Qb5 27.
Rd4 Bxg3 28. fxg3 Rxg3+ 29. Kf2 Qg5 30. Rf4 Rg2+ 31. Kf3 Qg3+ 32. Ke4 g5 33.
Rf5 Qg4+ 34. Ke5 Re8+ 0-1

[Event "Litomysl Open 2018"]
[Site "Litomysl, Domov mladeze VOSP "]
[Date "2018.12.31"]
[Round "8.15"]
[White "Starosciak, Szymon"]
[Black "Tioka, Zdenek"]
[Result "1-0"]
[WhiteElo "1407"]
[BlackElo "1914"]
[PlyCount "71"]
[EventDate "2018.12.26"]
[EventType "swiss"]
[EventRounds "9"]
[EventCountry "CZE"]
[SourceTitle "Ajedrez en Madrid"]
[Source "lmi"]
[SourceDate "2018.12.26"]
[SourceVersion "1"]
[SourceVersionDate "2019.01.04"]
[SourceQuality "1"]

1. e4 d6 2. d4 Nf6 3. Nc3 g6 4. Bc4 Bg7 5. Nf3 O-O 6. O-O Nxe4 7. Bxf7+ Rxf7 8.
Nxe4 d5 9. Neg5 Rf8 10. Qe2 Qd6 11. Re1 Nc6 12. c3 b6 13. Ne6 Bxe6 14. Qxe6+
Qxe6 15. Rxe6 Rf6 16. Rxf6 exf6 17. Bf4 Rc8 18. Re1 Kf7 19. Nd2 Nd8 20. a4 Ne6
21. Bg3 Bh6 22. Nb3 a6 23. a5 b5 24. Rd1 Ke7 25. Nc5 Nxc5 26. dxc5 c6 27. b3
Ke6 28. Rd4 Bf8 29. b4 Bg7 30. Rd3 Re8 31. Bf4 Kf5 32. Be3 Bh6 33. g4+ Kxg4 34.
Bxh6 Re1+ 35. Kg2 Kf5 36. Rf3+ 1-0

[Event "Litomysl Open 2018"]
[Site "Litomysl, Domov mladeze VOSP "]
[Date "2018.12.31"]
[Round "8.17"]
[White "Grabarczyk, Sylwester"]
[Black "Svoboda, Frantisek"]
[Result "1-0"]
[WhiteElo "1834"]
[BlackElo "1699"]
[PlyCount "37"]
[EventDate "2018.12.26"]
[EventType "swiss"]
[EventRounds "9"]
[EventCountry "CZE"]
[SourceTitle "Ajedrez en Madrid"]
[Source "lmi"]
[SourceDate "2018.12.26"]
[SourceVersion "1"]
[SourceVersionDate "2019.01.04"]
[SourceQuality "1"]

1. e4 d6 2. f4 Nf6 3. Nc3 Nbd7 4. f5 Nc5 5. Qf3 e5 6. b4 Na6 7. a3 c6 8. Bc4
Qb6 9. d3 Qd4 10. Nge2 Qb6 11. Be3 Qd8 12. g4 h6 13. h4 Be7 14. Kf2 Nc7 15. g5
Nxe4+ 16. dxe4 hxg5 17. hxg5 Rxh1 18. Rxh1 Bxg5 19. Rh8+ 1-0

[Event "Litomysl Open 2018"]
[Site "Litomysl, Domov mladeze VOSP "]
[Date "2018.12.31"]
[Round "8.18"]
[White "Rychtecky, Pavel"]
[Black "Sacharewicz, Krzysztof"]
[Result "0-1"]
[WhiteElo "1624"]
[BlackElo "1833"]
[PlyCount "48"]
[EventDate "2018.12.26"]
[EventType "swiss"]
[EventRounds "9"]
[EventCountry "CZE"]
[SourceTitle "Ajedrez en Madrid"]
[Source "lmi"]
[SourceDate "2018.12.26"]
[SourceVersion "1"]
[SourceVersionDate "2019.01.04"]
[SourceQuality "1"]

1. e4 c5 2. Nf3 d6 3. d4 cxd4 4. Nxd4 Nf6 5. Nc3 a6 6. Be2 e5 7. Nb3 Be6 8. Bg5
Nbd7 9. O-O h6 10. Be3 b5 11. a3 Be7 12. Kh1 O-O 13. h3 Nb6 14. f4 Na4 15. f5
Nxc3 16. bxc3 Bxb3 17. cxb3 Nxe4 18. Qe1 Bh4 19. Qb1 Ng3+ 20. Kh2 Nxf1+ 21.
Qxf1 Rc8 22. c4 bxc4 23. Bxc4 a5 24. Qf3 Bg5 0-1

[Event "Litomysl Open 2018"]
[Site "Litomysl, Domov mladeze VOSP "]
[Date "2018.12.31"]
[Round "8.22"]
[White "Bastyr, Pavel"]
[Black "Prachar, Josef"]
[Result "1-0"]
[WhiteElo "1432"]
[BlackElo "1827"]
[PlyCount "59"]
[EventDate "2018.12.26"]
[EventType "swiss"]
[EventRounds "9"]
[EventCountry "CZE"]
[SourceTitle "Ajedrez en Madrid"]
[Source "lmi"]
[SourceDate "2018.12.26"]
[SourceVersion "1"]
[SourceVersionDate "2019.01.04"]
[SourceQuality "1"]

1. d4 d5 2. c4 c6 3. Nc3 Nf6 4. Bg5 Nbd7 5. Nf3 h6 6. Bf4 e6 7. e3 Be7 8. Bd3
O-O 9. O-O b6 10. e4 dxc4 11. Bxc4 Bb7 12. e5 Nd5 13. Nxd5 exd5 14. Bd3 Re8 15.
Qd2 Bf8 16. Rfe1 c5 17. e6 Nf6 18. exf7+ Kxf7 19. Ne5+ Kg8 20. f3 a5 21. Bg6
Re7 22. Qc2 Rc8 23. Bf5 Ra8 24. Ng6 Rxe1+ 25. Rxe1 Bc8 26. Nxf8 Bxf5 27. Qxf5
Qxf8 28. Qe6+ Kh8 29. Qxb6 Rb8 30. Qxb8 1-0

[Event "Litomysl Open 2018"]
[Site "Litomysl, Domov mladeze VOSP "]
[Date "2019.01.01"]
[Round "9.1"]
[White "Simacek, Pavel"]
[Black "Swicarz, Maciej"]
[Result "1-0"]
[WhiteElo "2478"]
[BlackElo "2331"]
[PlyCount "65"]
[EventDate "2018.12.26"]
[EventType "swiss"]
[EventRounds "9"]
[EventCountry "CZE"]
[SourceTitle "Ajedrez en Madrid"]
[Source "lmi"]
[SourceDate "2018.12.26"]
[SourceVersion "1"]
[SourceVersionDate "2019.01.04"]
[SourceQuality "1"]

1. e4 c5 2. Nf3 d6 3. d4 Nf6 4. Nc3 cxd4 5. Nxd4 a6 6. Bc4 e6 7. Bb3 Nbd7 8. f4
Nc5 9. Qf3 b5 10. f5 e5 11. Nc6 Qd7 12. Nb4 Nxb3 13. axb3 Bb7 14. Nbd5 Nxd5 15.
Nxd5 Bxd5 16. exd5 Be7 17. O-O Bd8 18. Be3 Qb7 19. c4 O-O 20. c5 dxc5 21. Bxc5
Bb6 22. b4 Rfc8 23. Rac1 a5 24. d6 Qxf3 25. gxf3 Bd8 26. bxa5 Rxa5 27. d7 Rb8
28. Bd6 Bb6+ 29. Kg2 Rd8 30. Rc6 Rxd7 31. Rxb6 f6 32. Rb8+ Kf7 33. Rf8# 1-0

[Event "Litomysl Open 2018"]
[Site "Litomysl, Domov mladeze VOSP "]
[Date "2019.01.01"]
[Round "9.2"]
[White "Cerveny, Petr"]
[Black "Pekar, Vaclav"]
[Result "1-0"]
[WhiteElo "2319"]
[BlackElo "2148"]
[PlyCount "75"]
[EventDate "2018.12.26"]
[EventType "swiss"]
[EventRounds "9"]
[EventCountry "CZE"]
[SourceTitle "Ajedrez en Madrid"]
[Source "lmi"]
[SourceDate "2018.12.26"]
[SourceVersion "1"]
[SourceVersionDate "2019.01.04"]
[SourceQuality "1"]

1. e4 c5 2. Nf3 g6 3. d4 cxd4 4. Nxd4 Bg7 5. c4 Nc6 6. Be3 d6 7. Nc3 Nxd4 8.
Bxd4 Nf6 9. Be2 Qa5 10. O-O O-O 11. Rb1 Be6 12. Be3 Rfc8 13. b4 Qd8 14. Qb3 Ng4
15. Bxg4 Bxg4 16. Rfc1 Bxc3 17. Rxc3 Be6 18. Qc2 b6 19. Bd4 f6 20. Rc1 Rc7 21.
f4 Qd7 22. b5 Rac8 23. Qd3 Kh8 24. a4 Bg8 25. e5 dxe5 26. fxe5 Rd8 27. Rd1 Qf5
28. Qxf5 gxf5 29. exf6 e5 30. f7 exd4 31. Rxd4 Rdc8 32. fxg8=Q+ Kxg8 33. Kf2
Kf7 34. Rh3 Ke6 35. Rh6+ Ke5 36. Rd5+ Ke4 37. Re6+ Kf4 38. Rf6 1-0

[Event "Litomysl Open 2018"]
[Site "Litomysl, Domov mladeze VOSP "]
[Date "2019.01.01"]
[Round "9.3"]
[White "Dowgird, Filip"]
[Black "Svanda, Ondrej"]
[Result "1/2-1/2"]
[WhiteElo "2236"]
[BlackElo "2241"]
[PlyCount "64"]
[EventDate "2018.12.26"]
[EventType "swiss"]
[EventRounds "9"]
[EventCountry "CZE"]
[SourceTitle "Ajedrez en Madrid"]
[Source "lmi"]
[SourceDate "2018.12.26"]
[SourceVersion "1"]
[SourceVersionDate "2019.01.04"]
[SourceQuality "1"]

1. e4 c5 2. g3 d5 3. exd5 Qxd5 4. Nf3 Bg4 5. Bg2 Qe6+ 6. Kf1 Nc6 7. h3 Bh5 8.
Na3 Qd7 9. d3 e6 10. Nc4 Bd6 11. Be3 e5 12. Nfxe5 Nxe5 13. Nxd6+ Qxd6 14. Qxh5
Nf6 15. Qf5 g6 16. Qf4 O-O-O 17. Qa4 a6 18. Qa5 Nfd7 19. a3 Rhe8 20. Qc3 Kb8
21. Re1 Rc8 22. Kg1 h5 23. Kh2 h4 24. Bf4 f6 25. Qb3 Qc7 26. Re4 g5 27. Bxe5
Nxe5 28. Rhe1 g4 29. R1e3 hxg3+ 30. fxg3 Rh8 31. Rf4 gxh3 32. Bd5 Rcf8 1/2-1/2

[Event "Litomysl Open 2018"]
[Site "Litomysl, Domov mladeze VOSP "]
[Date "2019.01.01"]
[Round "9.4"]
[White "Daniel, Damian"]
[Black "Sabol, Marian"]
[Result "1/2-1/2"]
[WhiteElo "2152"]
[BlackElo "2298"]
[PlyCount "44"]
[EventDate "2018.12.26"]
[EventType "swiss"]
[EventRounds "9"]
[EventCountry "CZE"]
[SourceTitle "Ajedrez en Madrid"]
[Source "lmi"]
[SourceDate "2018.12.26"]
[SourceVersion "1"]
[SourceVersionDate "2019.01.04"]
[SourceQuality "1"]

1. d4 Nf6 2. c4 g6 3. Nc3 Bg7 4. e4 d6 5. Nf3 O-O 6. h3 Nbd7 7. Bg5 c5 8. d5 h6
9. Be3 a6 10. Be2 b5 11. cxb5 axb5 12. e5 dxe5 13. Bxb5 e4 14. Nd2 Bb7 15. Bxd7
Qxd7 16. O-O e6 17. Ndxe4 Nxe4 18. Nxe4 Qxd5 19. Qxd5 Bxd5 20. Nc3 Bxc3 21.
bxc3 Rxa2 22. Rxa2 Bxa2 1/2-1/2

[Event "Litomysl Open 2018"]
[Site "Litomysl, Domov mladeze VOSP "]
[Date "2019.01.01"]
[Round "9.5"]
[White "Getmanchuk, Andrei V"]
[Black "Koziol, Kamil"]
[Result "1/2-1/2"]
[WhiteElo "2140"]
[BlackElo "2281"]
[PlyCount "27"]
[EventDate "2018.12.26"]
[EventType "swiss"]
[EventRounds "9"]
[EventCountry "CZE"]
[SourceTitle "Ajedrez en Madrid"]
[Source "lmi"]
[SourceDate "2018.12.26"]
[SourceVersion "1"]
[SourceVersionDate "2019.01.04"]
[SourceQuality "1"]

1. e4 c5 2. Nc3 a6 3. Nf3 b5 4. a3 Bb7 5. d3 e6 6. g3 d5 7. exd5 exd5 8. d4 Nf6
9. Bg2 c4 10. O-O Be7 11. Ne5 Nc6 12. f4 h5 13. h3 Qd6 14. Be3 1/2-1/2

[Event "Litomysl Open 2018"]
[Site "Litomysl, Domov mladeze VOSP "]
[Date "2019.01.01"]
[Round "9.6"]
[White "Brandsma, Romayn"]
[Black "Michenka, Jozef"]
[Result "0-1"]
[WhiteElo "1850"]
[BlackElo "2274"]
[PlyCount "34"]
[EventDate "2018.12.26"]
[EventType "swiss"]
[EventRounds "9"]
[EventCountry "CZE"]
[SourceTitle "Ajedrez en Madrid"]
[Source "lmi"]
[SourceDate "2018.12.26"]
[SourceVersion "1"]
[SourceVersionDate "2019.01.04"]
[SourceQuality "1"]

1. e4 c5 2. c3 Nf6 3. e5 Nd5 4. g3 d6 5. exd6 Qxd6 6. Bg2 Nc6 7. Ne2 Bg4 8. Na3
e6 9. O-O Be7 10. f3 Bf5 11. d4 O-O 12. Nf4 cxd4 13. Nb5 Qc5 14. Nxd5 dxc3+ 15.
Be3 Qxd5 16. Qxd5 exd5 17. bxc3 Bd3 0-1

[Event "Litomysl Open 2018"]
[Site "Litomysl, Domov mladeze VOSP "]
[Date "2019.01.01"]
[Round "9.7"]
[White "Bystrov, Sergej"]
[Black "Slepov, Kyryl"]
[Result "1-0"]
[WhiteElo "2233"]
[BlackElo "2140"]
[PlyCount "65"]
[EventDate "2018.12.26"]
[EventType "swiss"]
[EventRounds "9"]
[EventCountry "CZE"]
[SourceTitle "Ajedrez en Madrid"]
[Source "lmi"]
[SourceDate "2018.12.26"]
[SourceVersion "1"]
[SourceVersionDate "2019.01.04"]
[SourceQuality "1"]

1. e4 e5 2. Nf3 Nf6 3. Nxe5 d6 4. Nf3 Nxe4 5. Nc3 Nxc3 6. dxc3 Be7 7. Be3 O-O
8. Qd2 Nd7 9. O-O-O Nf6 10. Bd3 c5 11. c4 b5 12. Bf4 Be6 13. Rhe1 bxc4 14. Bf1
d5 15. Ne5 Qb6 16. f3 Rab8 17. c3 Qa5 18. Nc6 Qxa2 19. Nxe7+ Kh8 20. Bxb8 Rxb8
21. Qc2 g6 22. Rxe6 fxe6 23. Nc6 Rb6 24. Ne5 a5 25. Rd2 a4 26. Kd1 a3 27. bxa3
Qa1+ 28. Ke2 Rb3 29. Kf2 Qxa3 30. Nxg6+ Kg7 31. Nf4 e5 32. Nxd5 Nxd5 33. Qf5
1-0

[Event "Litomysl Open 2018"]
[Site "Litomysl, Domov mladeze VOSP "]
[Date "2019.01.01"]
[Round "9.8"]
[White "Kastner, Oldrich"]
[Black "Chetverik, Maxim"]
[Result "1/2-1/2"]
[WhiteElo "2020"]
[BlackElo "2209"]
[PlyCount "136"]
[EventDate "2018.12.26"]
[EventType "swiss"]
[EventRounds "9"]
[EventCountry "CZE"]
[SourceTitle "Ajedrez en Madrid"]
[Source "lmi"]
[SourceDate "2018.12.26"]
[SourceVersion "1"]
[SourceVersionDate "2019.01.04"]
[SourceQuality "1"]

1. e4 a6 2. d4 b5 3. Bg5 Bb7 4. Nd2 h6 5. Bh4 d6 6. Ngf3 c5 7. c3 Qb6 8. Bd3 e6
9. O-O Nd7 10. e5 c4 11. Bc2 Bxf3 12. Qxf3 d5 13. Qg4 Ne7 14. f4 g6 15. Kh1
O-O-O 16. b3 cxb3 17. axb3 Re8 18. c4 Nc6 19. cxd5 exd5 20. Rfc1 Bb4 21. Nf1
Bc3 22. Bxg6 Bxa1 23. Bf5 Rd8 24. Bxd8 Rxd8 25. Ne3 Qb7 26. Nxd5 Kb8 27. Rxa1
Nxd4 28. Qh4 Rg8 29. Be4 Nxb3 30. Rd1 Qa7 31. Ne7 Rc8 32. Nxc8 Kxc8 33. Bf5
Nbc5 34. Qxh6 b4 35. Qc6+ Kd8 36. Qf6+ Ke8 37. Qh8+ Nf8 38. Rd8+ Kxd8 39. Qxf8+
Kc7 40. Qxf7+ Kb6 41. e6 Qb8 42. Bg4 Qh8 43. h3 Ne4 44. Kh2 Qf6 45. Qxf6 Nxf6
46. Bd1 Kc5 47. g4 Kd6 48. f5 Ne4 49. h4 Nf2 50. h5 Nxd1 51. h6 b3 52. h7 b2
53. h8=Q b1=Q 54. Qd4+ Ke7 55. Qg7+ Kd6 56. Kg3 Qb3+ 57. Kh4 Ne3 58. Qd4+ Nd5
59. Kg5 Qe3+ 60. Qxe3 Nxe3 61. Kf4 Nd5+ 62. Ke4 Nf6+ 63. Kf3 a5 64. g5 Nh7 65.
g6 Nf6 66. Ke2 Ke7 67. Kd3 a4 68. Kc3 Nh5 1/2-1/2

[Event "Litomysl Open 2018"]
[Site "Litomysl, Domov mladeze VOSP "]
[Date "2019.01.01"]
[Round "9.9"]
[White "Dzikowski, Michal"]
[Black "Houska, Bronislav"]
[Result "1/2-1/2"]
[WhiteElo "2140"]
[BlackElo "2043"]
[PlyCount "120"]
[EventDate "2018.12.26"]
[EventType "swiss"]
[EventRounds "9"]
[EventCountry "CZE"]
[SourceTitle "Ajedrez en Madrid"]
[Source "lmi"]
[SourceDate "2018.12.26"]
[SourceVersion "1"]
[SourceVersionDate "2019.01.04"]
[SourceQuality "1"]

1. d4 d6 2. Nf3 g6 3. g3 Bg7 4. Bg2 Nf6 5. O-O O-O 6. c4 c6 7. Nc3 Qc7 8. h3
Nbd7 9. e4 e5 10. Re1 Re8 11. Be3 exd4 12. Bxd4 Ne5 13. c5 Nxf3+ 14. Qxf3 Nh5
15. Bxg7 Nxg7 16. cxd6 Qxd6 17. Rad1 Qe5 18. Qe3 f5 19. f4 Qa5 20. e5 Be6 21.
Rd2 Red8 22. Red1 Rxd2 23. Rxd2 Kf7 24. Qd4 Ne8 25. b4 Qb6 26. a4 Qxd4+ 27.
Rxd4 Rc8 28. Nd1 b6 29. Ne3 c5 30. bxc5 Rxc5 31. Kf2 Nc7 32. g4 Ke7 33. gxf5
Bxf5 34. h4 Ne6 35. Nd5+ Kf7 36. Rb4 Ra5 37. Ke3 Nc5 38. Nc3 Bd7 39. Bd5+ Kf8
40. Bb3 Bc6 41. Bc2 Kf7 42. Rd4 Ne6 43. Bb3 Rc5 44. Ne4 Bxe4 45. Rd7+ Ke8 46.
Bxe6 Bc6 47. Rxa7 Rc3+ 48. Kd4 Rf3 49. Bf7+ Kf8 50. e6 Rxf4+ 51. Ke5 Re4+ 52.
Kd6 Bxa4 53. Rc7 Bb5 54. Rc8+ Kg7 55. h5 Kf6 56. hxg6 hxg6 57. Rg8 Rd4+ 58. Kc7
Bc4 59. Rxg6+ Ke7 60. Kxb6 Re4 1/2-1/2

[Event "Litomysl Open 2018"]
[Site "Litomysl, Domov mladeze VOSP "]
[Date "2019.01.01"]
[Round "9.10"]
[White "Burnett, Andrew"]
[Black "Grabarczyk, Sylwester"]
[Result "1-0"]
[WhiteElo "2140"]
[BlackElo "1834"]
[PlyCount "69"]
[EventDate "2018.12.26"]
[EventType "swiss"]
[EventRounds "9"]
[EventCountry "CZE"]
[SourceTitle "Ajedrez en Madrid"]
[Source "lmi"]
[SourceDate "2018.12.26"]
[SourceVersion "1"]
[SourceVersionDate "2019.01.04"]
[SourceQuality "1"]

1. d4 Nf6 2. Nf3 e6 3. c4 Bb4+ 4. Nc3 c5 5. g3 O-O 6. Bg2 Ne4 7. Qd3 d5 8. O-O
f5 9. cxd5 Bxc3 10. bxc3 exd5 11. dxc5 Nc6 12. Rd1 Be6 13. Nd4 Bf7 14. Nxc6
bxc6 15. Be3 Bg6 16. Bxe4 fxe4 17. Qa6 Qf6 18. Bd4 Qe6 19. Qb7 Bf7 20. Rab1
Rad8 21. Qxa7 Ra8 22. Qc7 Rxa2 23. Rb8 Ra8 24. Rxa8 Rxa8 25. Rb1 h6 26. Kg2 Kh7
27. Rb7 Kg8 28. Qf4 Re8 29. h4 Re7 30. Rb8+ Be8 31. Qd6 Qf7 32. Qxc6 Kh7 33.
Qd6 Bd7 34. c6 Be6 35. Rb7 1-0

[Event "Litomysl Open 2018"]
[Site "Litomysl, Domov mladeze VOSP "]
[Date "2019.01.01"]
[Round "9.11"]
[White "Sokolski, Aleksander"]
[Black "Starosciak, Szymon"]
[Result "1-0"]
[WhiteElo "1931"]
[BlackElo "1407"]
[PlyCount "59"]
[EventDate "2018.12.26"]
[EventType "swiss"]
[EventRounds "9"]
[EventCountry "CZE"]
[SourceTitle "Ajedrez en Madrid"]
[Source "lmi"]
[SourceDate "2018.12.26"]
[SourceVersion "1"]
[SourceVersionDate "2019.01.04"]
[SourceQuality "1"]

1. d4 Nf6 2. c4 g6 3. Nc3 Bg7 4. e4 d6 5. h3 O-O 6. Be3 Nbd7 7. Bd3 c5 8. d5
Ne5 9. Be2 a6 10. f4 Ned7 11. Nf3 Nh5 12. g4 Ng3 13. Rg1 Bxc3+ 14. bxc3 Nxe4
15. Qc2 Nef6 16. h4 Nb6 17. f5 Nxg4 18. Rxg4 Bxf5 19. Qxf5 Na4 20. Qc2 Qa5 21.
h5 Qxc3+ 22. Qxc3 Nxc3 23. Bd3 b5 24. Kd2 bxc4 25. Bxc4 f5 26. Rh4 Ne4+ 27. Kc2
Rf7 28. Ng5 Nxg5 29. Bxg5 Raf8 30. hxg6 1-0